The Room Where It Happens Lyrics Part 1 (Hamilton) - Statistics

General Stats
  • This quiz has been taken 196 times
  • The average score is 356 of 499
Answer Stats
Answer % Correct
a
96%
A
96%
Ha!
96%
I
96%
"I
96%
the
95%
The
95%
it
93%
It
93%
room.
93%
room
93%
where
91%
in
89%
me
87%
No.
87%
No
87%
no
87%
No!
87%
to
87%
was
87%
happens,
85%
happens.
85%
on
85%
go.
84%
be
83%
you
82%
You
82%
you.
82%
else
81%
happened,
81%
happened.
81%
he
81%
one
81%
win
81%
an
80%
But-
80%
but
80%
But!
80%
do
80%
Do
80%
know
80%
Hamilton!
79%
We
79%
we
79%
get
78%
how
78%
that
78%
what
78%
is
77%
And
76%
and
76%
hear
76%
They
74%
of
73%
Burr,
72%
game
72%
knows
72%
Really?
72%
really
72%
are
71%
my
71%
I'm
70%
just
70%
de
69%
him,
69%
him
69%
have
68%
Jefferson
68%
made.
68%
had
67%
say!"
67%
Alexander
66%
assume
66%
Did
66%
hate
66%
played.
66%
sausage
66%
with
65%
has
64%
Madison
64%
Talk
64%
Two
64%
Virginian
64%
all
63%
gets
63%
more.
63%
over
63%
Thomas
63%
Well,
63%
we'll
63%
doors
62%
let's
62%
Let's
62%
"I've
61%
less
61%
less,
61%
smile
61%
capital,
60%
capital..
60%
chess.
60%
congress
60%
Congress
60%
die.
60%
every
60%
menu,
60%
plan
60%
said,
60%
said
60%
venue,
60%
work!
60%
work
60%
your
60%
can
59%
day
59%
give
59%
gotta
59%
try.
59%
about
58%
arranged
58%
art
58%
dinner.
58%
dinner
58%
immigrant
58%
into
58%
sin,
58%
that's
58%
begged
57%
foes.
57%
opposed,
57%
pièce
57%
seating.
57%
takes
57%
Virginians
57%
walk
57%
were
57%
claims:
56%
doorstep
56%
floor.
56%
happening
56%
lot
56%
love
56%
meeting.
56%
news
56%
whatever
56%
after
55%
good
55%
Sir.
55%
turn,"
55%
basically
54%
closed,
54%
emerge
54%
General
54%
listen
54%
old
54%
ought
54%
previously
54%
street?
54%
"Yes."
54%
Diametrically
53%
for
53%
gonna
53%
here's
53%
disarray.
52%
distress
52%
finally
52%
join
52%
legacy
52%
sinner.
52%
trade,
52%
Decisions
51%
guess
51%
Mercer?
51%
Mercer
51%
merciless!
51%
pieces
51%
résistance.
51%
sorry
51%
wants.
51%
open
50%
sacrificed
50%
debt
49%
however
49%
isn't
49%
nations
49%
pretty.
49%
pro
49%
renamed
49%
Yeah.
49%
emerges
48%
put
48%
see
48%
Ah,
47%
through?
47%
by
46%
fray!
46%
power,
46%
secure.
46%
shape
46%
system
46%
would.
46%
financial
45%
parties
45%
compromise
44%
having
44%
invite.
44%
bros.
43%
fighting
43%
like
43%
Meanwhile:
43%
Washington's
43%
home?
42%
insight.
41%
closer
40%
fact
40%
goes.
40%
Hah!
40%
his
40%
issue
40%
little
40%
other
40%
solve
40%
another,
39%
victory
38%
Wouldn't
38%
approached
37%
committee.
37%
problem
37%
quo?
37%
settled
37%
Southerners,
37%
words-
37%
Maybe
36%
unprecedented
36%
Actually,
35%
grappling
35%
suppose.
35%
could
34%
quid
34%
Sure.
34%
responds
32%
propose
31%
provide
31%
votes?
31%
you'll
31%
approaches
29%
Now
28%
Claremont
25%
Mr.Burr,
22%
Mr.Secretary
21%
Potomac.
19%
Ho ho
10%
No matching quizzes found
Score Distribution
Percent of People with Each Score
Percentile by Number Answered
Your Score History
You have not taken this quiz